Guess the Movie/TV Show - Pixelated Images #4 - Statistics

General Stats
  • This quiz has been taken 66 times
  • The average score is 10 of 15
Answer Stats
Picture Hint Answer % Correct
2019 Joker
100%
1994 Forrest Gump
97%
1996 Scream
93%
2009 X-Men Origins: Wolverine
90%
2013–present Rick and Morty
80%
1984 A Nightmare on Elm Street
76%
2008–2013 Breaking Bad
76%
2007 Ghost Rider
76%
1997 Good Will Hunting
71%
2010 Black Swan
64%
2000 Memento
59%
1995 Se7en
58%
1995 The Usual Suspects
53%
2016 Arrival
24%
1999 The Boondock Saints
8%
No matching quizzes found
Score Distribution
Percent of People with Each Score
Percentile by Number Answered
Your Score History
You have not taken this quiz